[Event "LSS No Engine Cup 27 Preliminary 2"]
[Site "LSS email"]
[Date "2010.08.30"]
[Round "?"]
[White "Henke, Simon"]
[Black "Myatt, John R"]
[Result "1/2-1/2"]
[WhiteElo "1520"]
[BlackElo "1672"]
[PlyCount "82"]
[EventDate "2010.08.31"]
[EventType "tourn (corr)"]
[EventRounds "6"]
[EventCountry "GER"]
[SourceTitle "Telechess CBM 143"]
[Source "ChessBase"]
[SourceDate "2011.07.15"]
[SourceVersion "1"]
[SourceVersionDate "2011.07.15"]
[SourceQuality "1"]

1. f4 g6 2. Nf3 Bg7 3. e4 d5 4. e5 c5 5. d4 Nc6 6. c3 cxd4 7. cxd4 Bg4 8. Be2 Nh6 9. 0-0 Nf5 10. Nc3 0-0 11. Ng5 Bxe2 12. Nxe2 Qb6 13. Nf3 Rac8 14. g4 Nh6 15. h3 Kh8 16. Kh2 e6 17. b3 Nb4 18. Ba3 Rfe8 19. Bxb4 Qxb4 20. Rc1 Bf8 21. Qd3 Qa5 22. a4 Ba3 23. Rc2 Rxc2 24. Qxc2 Re7 25. Ng3 Rc7 26. Qb1 Qc3 27. Ne2 Qc2 28. Nfg1 Ng8 29. Kg3 f5 30. gxf5 gxf5 31. Qxc2 Rxc2 32. Rb1 Ne7 33. Kf3 Kg7 34. Ke3 Nc6 35. Nf3 h6 36. h4 Kg6 37. Rg1+ Kf7 38. h5 Bf8 39. Rg6 Bg7 40. Nd2 Nb4 41. Rg1 Bf8 1/2-1/2

[Event "LSS No Engine Cup 27 Preliminary 2"]
[Site "LSS email"]
[Date "2010.08.30"]
[Round "?"]
[White "Myatt, John R"]
[Black "Yangibayev, Rustam"]
[Result "1-0"]
[WhiteElo "1676"]
[BlackElo "715"]
[PlyCount "45"]
[EventDate "2010.08.31"]
[EventType "tourn (corr)"]
[EventRounds "6"]
[EventCountry "GER"]
[SourceTitle "Telechess CBM 143"]
[Source "ChessBase"]
[SourceDate "2011.07.15"]
[SourceVersion "1"]
[SourceVersionDate "2011.07.15"]
[SourceQuality "1"]

1. d4 Nf6 2. c4 g6 3. Nf3 Bg7 4. g3 0-0 5. Bg2 Nc6 6. 0-0 d5 7. Nbd2 Re8 8. cxd5 Nxd5 9. e4 Nf6 10. d5 Nb8 11. Qc2 c6 12. dxc6 Nxc6 13. Nb3 Bg4 14. Be3 Rc8 15. Rad1 Qc7 16. Rd2 Rcd8 17. Nfd4 a6 18. Rc1 Bd7 19. Nxc6 bxc6 20. f3 Rc8 21. Qc4 Qb7 22. Nc5 Rcd8 23. Nxb7 1-0

[Event "LSS No Engine Cup 27 Preliminary 2"]
[Site "LSS email"]
[Date "2010.08.30"]
[Round "?"]
[White "Van Dosselaer, Mattias"]
[Black "Myatt, John R"]
[Result "0-1"]
[WhiteElo "1126"]
[BlackElo "1682"]
[PlyCount "20"]
[EventDate "2010.08.31"]
[EventType "tourn (corr)"]
[EventRounds "6"]
[EventCountry "GER"]
[SourceTitle "Corr 2013"]
[Source "ChessBase"]
[SourceDate "2012.11.12"]
[SourceVersion "1"]
[SourceVersionDate "2012.11.12"]
[SourceQuality "1"]

1. e4 c6 2. Nf3 d5 3. e5 Bg4 4. d4 e6 5. Nbd2 Nd7 6. c3 Nh6 7. Qc2 Be7 8. h3 Bf5 9. Qb3 Qc7 10. g4 Bg6 0-1

[Event "LSS SC-2010-0-00071"]
[Site "LSS email"]
[Date "2010.08.24"]
[Round "?"]
[White "Steinert, Martin"]
[Black "Myatt, John R"]
[Result "1/2-1/2"]
[WhiteElo "1607"]
[BlackElo "1670"]
[PlyCount "112"]
[EventDate "2010.08.05"]
[EventType "tourn (corr)"]
[EventRounds "6"]
[EventCountry "GER"]
[SourceTitle "Telechess CBM 143"]
[Source "ChessBase"]
[SourceDate "2011.07.15"]
[SourceVersion "1"]
[SourceVersionDate "2011.07.15"]
[SourceQuality "1"]

1. d4 Nf6 2. c4 e6 3. Nc3 Bb4 4. e3 0-0 5. Bd3 c5 6. Nge2 d5 7. cxd5 cxd4 8. exd4 Nxd5 9. 0-0 Nc6 10. Bc2 Bd6 11. Nxd5 exd5 12. Bf4 Re8 13. Bxd6 Qxd6 14. Nc3 Be6 15. Qd2 Re7 16. Rfe1 Rae8 17. a3 Qd8 18. b4 f6 19. Re3 Qb6 20. Rd1 Bf7 21. Bb3 Rxe3 22. fxe3 Ne7 23. Qa2 Kf8 24. Re1 Nf5 25. Qd2 Qd6 26. Bc2 Bg6 27. Bb3 Bf7 28. Qd3 g6 29. Ba4 Rc8 30. Bb3 Kg7 31. e4 Qa6 32. Qxa6 bxa6 33. Bxd5 Rxc3 34. Bxf7 Kxf7 35. exf5 Rxa3 36. Rc1 gxf5 37. Rc7+ Ke6 38. Rxh7 a5 39. b5 Rb3 40. Rb7 Rb1+ 41. Kf2 f4 42. h4 Rb2+ 43. Kf3 Kf5 44. h5 Rb3+ 45. Ke2 Rb2+ 46. Kd3 Rxg2 47. h6 Rh2 48. h7 Rh3+ 49. Kd2 Rh2+ 50. Ke1 f3 51. Rxa7 Kf4 52. Rf7 f5 53. b6 Rh1+ 54. Kf2 Rh2+ 55. Ke1 Rh1+ 56. Kf2 Rh2+ 1/2-1/2

[Event "LSS No Engine Cup 21 Preliminary 1"]
[Site "LSS email"]
[Date "2010.05.03"]
[Round "?"]
[White "Myatt, John R"]
[Black "Yangibayev, Rustam"]
[Result "1-0"]
[WhiteElo "1624"]
[BlackElo "740"]
[PlyCount "37"]
[EventDate "2010.05.04"]
[EventType "tourn (corr)"]
[EventRounds "6"]
[EventCountry "GER"]
[SourceTitle "Telechess CBM 141"]
[Source "ChessBase"]
[SourceDate "2011.03.17"]
[SourceVersion "1"]
[SourceVersionDate "2011.03.17"]
[SourceQuality "1"]

1. d4 Nf6 2. c4 g6 3. g3 Bg7 4. Bg2 Nc6 5. Nf3 d6 6. Nc3 Bd7 7. 0-0 Qc8 8. e4 Bg4 9. Be3 0-0 10. Re1 Re8 11. Qd3 e5 12. d5 Ne7 13. c5 a6 14. cxd6 cxd6 15. Rac1 Qd7 16. Rc2 Rac8 17. Rec1 Kh8 18. Ng5 Qd8 19. Nxf7+ 1-0

[Event "LSS No Engine Cup 21 Preliminary 1"]
[Site "LSS email"]
[Date "2010.05.03"]
[Round "?"]
[White "Schnoewitz, Brigitte"]
[Black "Myatt, John R"]
[Result "0-1"]
[WhiteElo "1104"]
[BlackElo "1684"]
[PlyCount "76"]
[EventDate "2010.05.04"]
[EventType "tourn (corr)"]
[EventRounds "6"]
[EventCountry "GER"]
[SourceTitle "Corr 2013"]
[Source "ChessBase"]
[SourceDate "2012.11.12"]
[SourceVersion "1"]
[SourceVersionDate "2012.11.12"]
[SourceQuality "1"]

1. d4 Nf6 2. c4 e6 3. Nc3 Bb4 4. Nf3 b6 5. a3 Bxc3+ 6. bxc3 0-0 7. Qc2 Bb7 8. Nd2 d6 9. e4 c5 10. d5 Qe7 11. Be2 Nbd7 12. 0-0 exd5 13. cxd5 Bxd5 14. Bd3 Bc6 15. Re1 Ne5 16. Bf1 Rfe8 17. Bb2 Nh5 18. Rad1 Qg5 19. Re3 Ng4 20. Ree1 Qf4 21. Nf3 Bxe4 22. Rxe4 Qxe4 23. Bd3 Qc6 24. Bxh7+ Kf8 25. Bc1 d5 26. h3 Ne5 27. Nh4 Nf6 28. Bg5 Nc4 29. a4 Ne4 30. Bf4 Qf6 31. g3 Nxc3 32. Rd3 Ne2+ 33. Kh2 Nxf4 34. Rf3 g5 35. Ng2 Ne5 36. Rxf4 gxf4 37. Nxf4 Nf3+ 38. Kg2 Ne1+ 0-1

[Event "LSS SC-2010-0-00057"]
[Site "LSS email"]
[Date "2010.04.23"]
[Round "?"]
[White "Myatt, John R"]
[Black "Albesa, Alfredo Ricardo"]
[Result "1-0"]
[WhiteElo "1684"]
[BlackElo "1389"]
[PlyCount "69"]
[EventDate "2010.03.04"]
[EventType "tourn (corr)"]
[EventRounds "6"]
[EventCountry "GER"]
[SourceTitle "Corr 2013"]
[Source "ChessBase"]
[SourceDate "2012.11.12"]
[SourceVersion "1"]
[SourceVersionDate "2012.11.12"]
[SourceQuality "1"]
[WhiteTeam "US of America"]
[BlackTeam "US of America"]
[WhiteTeamCountry "USA"]
[BlackTeamCountry "USA"]

1. d4 Nf6 2. Nf3 d5 3. c4 c6 4. e3 e6 5. b3 Nbd7 6. Bb2 Ne4 7. Bd3 Bb4+ 8. Nbd2 0-0 9. a3 Ba5 10. b4 Nxd2 11. Qxd2 Bc7 12. 0-0 Nb6 13. c5 Nd7 14. a4 f5 15. Qe2 e5 16. Nxe5 Nxe5 17. dxe5 Bxe5 18. Bxe5 Bd7 19. Qb2 Qe7 20. Bd6 Qf6 21. Ra2 Qxb2 22. Rxb2 Rf6 23. Be5 Re6 24. Bxf5 Rxe5 25. Bxd7 Rd8 26. Bg4 Kf7 27. Rd1 Kf6 28. Bf3 a6 29. b5 axb5 30. axb5 Rc8 31. bxc6 bxc6 32. Rb6 Kf7 33. Rb7+ Kf8 34. Bg4 Rd8 35. Bd7 1-0

[Event "LSS SC-2010-0-00057"]
[Site "LSS email"]
[Date "2010.04.23"]
[Round "?"]
[White "Myatt, John R"]
[Black "Khlopov, Sergej"]
[Result "0-1"]
[WhiteElo "1623"]
[BlackElo "1750"]
[PlyCount "46"]
[EventDate "2010.03.04"]
[EventType "tourn (corr)"]
[EventRounds "6"]
[EventCountry "GER"]
[SourceTitle "Telechess CBM 141"]
[Source "ChessBase"]
[SourceDate "2011.03.17"]
[SourceVersion "1"]
[SourceVersionDate "2011.03.17"]
[SourceQuality "1"]

1. d4 d5 2. c4 c6 3. Nf3 Nf6 4. e3 e6 5. b3 dxc4 6. Bxc4 c5 7. 0-0 Nc6 8. dxc5 Qxd1 9. Rxd1 Bxc5 10. Ba3 Bxa3 11. Nxa3 Ke7 12. Nb5 a6 13. Nc3 b5 14. Bd3 Bb7 15. a3 Rac8 16. Rac1 Na5 17. Nd4 Rhd8 18. f3 Rxd4 19. exd4 Nxb3 20. Rc2 Nxd4 21. Rcc1 Nd7 22. Bf1 Nb3 23. Kf2 Nxc1 0-1

[Event "LSS ZI-2009-0-00581"]
[Site "LSS email"]
[Date "2009.11.30"]
[Round "?"]
[White "Myatt, John R"]
[Black "Hueseyin, Oezoguz"]
[Result "1-0"]
[WhiteElo "1652"]
[BlackElo "1421"]
[PlyCount "45"]
[EventDate "2009.11.23"]
[EventType "match (corr)"]
[EventRounds "2"]
[EventCountry "GER"]
[SourceTitle "Telechess CBM 137"]
[Source "ChessBase"]
[SourceDate "2010.07.15"]
[SourceVersion "1"]
[SourceVersionDate "2010.07.15"]
[SourceQuality "1"]

1. e4 c5 2. Nc3 d6 3. f4 g6 4. Nf3 Bg7 5. Bb5+ Nc6 6. Bxc6+ bxc6 7. d3 Nf6 8. 0-0 0-0 9. Qe1 Bg4 10. Qh4 Rb8 11. Rb1 Bxf3 12. Rxf3 Nd5 13. Nxd5 cxd5 14. exd5 Qa5 15. a3 Bf6 16. Qg3 Rfc8 17. f5 c4 18. fxg6 hxg6 19. Bg5 cxd3 20. cxd3 Rxb2 21. Rxb2 Bxb2 22. Rf1 Qxd5 23. Bxe7 1-0

[Event "LSS SC-2009-0-00047"]
[Site "LSS email"]
[Date "2009.11.29"]
[Round "?"]
[White "Myatt, John R"]
[Black "Sadler, Kirk"]
[Result "1-0"]
[WhiteElo "1664"]
[BlackElo "1525"]
[PlyCount "89"]
[EventDate "2009.10.10"]
[EventType "tourn (corr)"]
[EventRounds "6"]
[EventCountry "GER"]
[SourceTitle "Telechess CBM 141"]
[Source "ChessBase"]
[SourceDate "2011.03.17"]
[SourceVersion "1"]
[SourceVersionDate "2011.03.17"]
[SourceQuality "1"]

1. e4 Nf6 2. e5 Nd5 3. c4 Nb6 4. d4 d6 5. exd6 cxd6 6. Nc3 g6 7. Be3 Bg7 8. Rc1 0-0 9. b3 e5 10. dxe5 dxe5 11. Qxd8 Rxd8 12. c5 N6d7 13. Bc4 Nc6 14. Nf3 Na5 15. Be2 f5 16. Bg5 Rf8 17. Nb5 e4 18. Nfd4 Ne5 19. 0-0 f4 20. Nc7 Rb8 21. Nde6 f3 22. Bb5 Rf5 23. Rfd1 Nac6 24. Bf4 fxg2 25. Kxg2 Bxe6 26. Nxe6 Rxf4 27. Nxf4 Bh6 28. Nd5 Bxc1 29. Rxc1 Rf8 30. Rd1 Ng4 31. Rd2 Nce5 32. h3 Nf6 33. Nxf6+ Rxf6 34. Rd5 Rf5 35. b4 Kg7 36. Rd6 g5 37. Be2 Rf6 38. Rd4 Rf4 39. b5 Kg6 40. Kg3 Kf7 41. Ra4 Kg6 42. Rxa7 Rf7 43. a4 h5 44. c6 bxc6 45. Rxf7 1-0

[Event "LSS OP-2009-0-00971"]
[Site "LSS email"]
[Date "2009.10.19"]
[Round "?"]
[White "Jokmin, Guido"]
[Black "Myatt, John R"]
[Result "0-1"]
[WhiteElo "571"]
[BlackElo "1684"]
[PlyCount "20"]
[EventDate "2009.10.13"]
[EventType "tourn (corr)"]
[EventRounds "4"]
[EventCountry "GER"]
[SourceTitle "Corr 2015"]
[Source "ChessBase"]
[SourceDate "2015.07.17"]
[SourceVersion "1"]
[SourceVersionDate "2015.07.17"]
[SourceQuality "1"]

1. e4 e5 2. Nf3 Nc6 3. Bc4 Nf6 4. Ng5 Bc5 5. Nxf7 Bxf2+ 6. Kf1 Qe7 7. Nxh8 d5 8. exd5 Nd4 9. c3 Bg4 10. d6 Qd7 0-1

[Event "LSS RC-2009-0-00023"]
[Site "LSS email"]
[Date "2009.03.31"]
[Round "?"]
[White "Myatt, John R"]
[Black "Becker, Brian R"]
[Result "0-1"]
[WhiteElo "1642"]
[BlackElo "1831"]
[PlyCount "108"]
[EventDate "2009.01.21"]
[EventType "tourn (corr)"]
[EventRounds "6"]
[EventCountry "GER"]
[SourceTitle "Corr 2011"]
[Source "ChessBase"]
[SourceDate "2010.08.31"]
[SourceVersion "1"]
[SourceVersionDate "2010.08.31"]
[SourceQuality "1"]

1. d4 Nf6 2. c4 c5 3. d5 b5 4. cxb5 a6 5. bxa6 Bxa6 6. Nc3 d6 7. g3 g6 8. Bg2 Bg7 9. Nf3 0-0 10. Rb1 Nbd7 11. 0-0 Nb6 12. b3 Qd7 13. Bb2 Bb7 14. e4 Ng4 15. h3 Ne5 16. Nxe5 Bxe5 17. Qd2 Rfb8 18. Rfe1 Bg7 19. Ba1 Ba6 20. Ne2 Bxa1 21. Rxa1 Qa7 22. Qg5 Bxe2 23. Rxe2 c4 24. Rc1 f6 25. Qe3 cxb3 26. axb3 Nd7 27. Rb1 Rb4 28. Bf3 Qxe3 29. Rxe3 Nc5 30. Kg2 Kf7 31. Rb2 Ra7 32. h4 h5 33. g4 hxg4 34. Bxg4 f5 35. Be2 Nxe4 36. Bc4 Ra1 37. Rbe2 Rb7 38. Rh3 Nf6 39. Rd2 Rba7 40. Re3 Rc1 41. f3 Nh5 42. Kf2 Raa1 43. Rd4 Rh1 44. Kg2 Rag1+ 45. Kf2 Rb1 46. Kg2 f4 47. Red3 g5 48. hxg5 Rbg1+ 49. Kf2 Rf1+ 50. Kg2 Rhg1+ 51. Kh2 Rxg5 52. Rd2 Rxf3 53. b4 Kf6 54. b5 Rg4 0-1

[Event "LSS RC-2009-0-00023"]
[Site "LSS email"]
[Date "2009.03.31"]
[Round "?"]
[White "Myatt, John R"]
[Black "Moman, Aaron"]
[Result "0-1"]
[WhiteElo "1645"]
[BlackElo "1660"]
[PlyCount "108"]
[EventDate "2009.01.21"]
[EventType "tourn (corr)"]
[EventRounds "6"]
[EventCountry "GER"]
[SourceTitle "Corr 2011"]
[Source "ChessBase"]
[SourceDate "2010.08.31"]
[SourceVersion "1"]
[SourceVersionDate "2010.08.31"]
[SourceQuality "1"]

1. d4 Nf6 2. c4 c5 3. d5 b5 4. cxb5 a6 5. bxa6 g6 6. Nc3 Bxa6 7. g3 d6 8. Bg2 Bg7 9. Nf3 Nbd7 10. 0-0 Nb6 11. Rb1 0-0 12. b3 Ng4 13. Bd2 Qd7 14. h3 Nf6 15. Nh4 Qb7 16. Bg5 Rfb8 17. Qd2 Nbd7 18. Qe3 Nh5 19. Rfd1 Qb4 20. Rdc1 Re8 21. Qd2 Bd4 22. e3 Bg7 23. Nf3 h6 24. g4 Nhf6 25. Bf4 Nb6 26. Rc2 Nfd7 27. Nh2 Bb7 28. Ne2 Qxd2 29. Rxd2 Ra3 30. Rc1 g5 31. Bg3 Rea8 32. Rcc2 Nb8 33. Nc1 Na6 34. Nd3 Nxd5 35. h4 Bc6 36. Bxd5 Bxd5 37. f3 Bc6 38. h5 Ra7 39. Be1 Nc7 40. e4 Ne6 41. Nc1 Nd4 42. Rc3 Bb5 43. Rg2 Ne6 44. Rcc2 Nf4 45. Rgd2 Bd4+ 46. Bf2 Nh3+ 47. Kg2 Nxf2 48. Rxf2 Bxf2 49. Kxf2 Rc7 50. Nf1 Bxf1 51. Kxf1 c4 52. Rf2 Kg7 53. Kg2 cxb3 54. Nxb3 Rc4 0-1

[Event "LSS SC-2008-0-00020"]
[Site "LSS email"]
[Date "2008.12.21"]
[Round "?"]
[White "Myatt, John R"]
[Black "Jordaan, Wayne"]
[Result "1/2-1/2"]
[WhiteElo "1642"]
[BlackElo "1879"]
[PlyCount "81"]
[EventDate "2008.11.30"]
[EventType "tourn (corr)"]
[EventRounds "6"]
[EventCountry "GER"]
[SourceTitle "Corr 2011"]
[Source "ChessBase"]
[SourceDate "2010.08.31"]
[SourceVersion "1"]
[SourceVersionDate "2010.08.31"]
[SourceQuality "1"]

1. d4 d5 2. Nf3 Nf6 3. c4 e6 4. Nc3 Be7 5. Bf4 0-0 6. e3 c5 7. dxc5 Bxc5 8. Bd3 dxc4 9. Bxc4 a6 10. 0-0 b5 11. Be2 Bb7 12. Qc2 Qe7 13. Bg5 Nbd7 14. Rfd1 Rac8 15. a3 Rfd8 16. Rac1 Bd6 17. Qb1 h6 18. Bh4 g5 19. Bg3 Bxg3 20. hxg3 g4 21. Nd2 Ne5 22. b4 Nfd7 23. Nde4 Rc6 24. a4 bxa4 25. Nxa4 Rxc1 26. Rxc1 Bc6 27. Nec5 Bxa4 28. Nxa4 Rb8 29. Bxa6 Rxb4 30. Qa1 Qg5 31. Qa3 Rb8 32. Qd6 Qf5 33. Qd4 Kg7 34. Nb2 Nf6 35. Bd3 Nxd3 36. Nxd3 Rb3 37. Nc5 e5 38. Qd2 Ne4 39. Nxe4 Qxe4 40. Qa2 Rd3 41. Qe2 1/2-1/2

[Event "LSS RC-2008-0-00009"]
[Site "LSS email"]
[Date "2008.07.06"]
[Round "?"]
[White "Myatt, John R"]
[Black "Baumann, Arend"]
[Result "1-0"]
[WhiteElo "1684"]
[BlackElo "1512"]
[PlyCount "27"]
[EventDate "2008.06.25"]
[EventType "tourn (corr)"]
[EventRounds "6"]
[EventCountry "GER"]
[SourceTitle "Corr 2013"]
[Source "ChessBase"]
[SourceDate "2012.11.12"]
[SourceVersion "1"]
[SourceVersionDate "2012.11.12"]
[SourceQuality "1"]

1. d4 Nf6 2. Nf3 g6 3. Bg5 Bg7 4. Nbd2 0-0 5. e4 d6 6. Bd3 Nbd7 7. 0-0 e5 8. dxe5 Nxe5 9. Nxe5 dxe5 10. Nc4 Qe8 11. Qf3 Nd7 12. b4 b6 13. Rad1 c5 14. Nd6 1-0